Most Northern and Southern Countries By Region - Statistics

General Stats
  • This quiz has been taken 32 times
  • The average score is 30 of 42
Answer Stats
Region Southernmost Country % Correct
Iberia Spain
100%
Denmark
89%
Baltics Estonia
89%
Lithuania
89%
Scandinavia Norway
89%
Amazon Basin Colombia
86%
Spain
86%
Bolivia
75%
Horn of Africa Eritrea
75%
New Zealand
75%
Europe (Continental) Norway
75%
Somalia
75%
Yemen
75%
North America Canada
71%
Chile
71%
South America Colombia
71%
Indonesia
71%
Indochina Myanmar
71%
Panama
71%
Asia Russia
71%
Arabian Peninsula Saudi Arabia
71%
South Africa
71%
Spain
71%
Africa Tunisia
71%
Carribean Bahamas
68%
Central America Belize
68%
European Union Member States Finland
68%
Greece
68%
Balkans Romania
68%
Thailand
68%
Trinidad
68%
Greece
64%
Central Asia Kazakhstan
64%
Fertile Crescent Turkey
64%
Chile
61%
Mexico
61%
Maghreb Tunisia
61%
Iran
57%
Turkmenistan
57%
Southern Cone (w/o Brazil) Chile
54%
Mauritania
50%
Oceania United States / Hawaii
36%
No matching quizzes found
Score Distribution
Percent of People with Each Score
Percentile by Number Answered
Your Score History
You have not taken this quiz